| 000 -LEADER |
| fixed length control field |
00681nam a2200253Ia 4500 |
| 001 - CONTROL NUMBER |
| control field |
20189 |
| 003 - CONTROL NUMBER IDENTIFIER |
| control field |
GE_BSU |
| 005 - DATE AND TIME OF LATEST TRANSACTION |
| control field |
20250701112001.0 |
| 008 - FIXED-LENGTH DATA ELEMENTS--GENERAL INFORMATION |
| fixed length control field |
181216s2003||||enk|||||||||||||| ||eng|| |
| 020 ## - INTERNATIONAL STANDARD BOOK NUMBER |
| International Standard Book Number |
9780155084810 |
| 040 ## - CATALOGING SOURCE |
| Transcribing agency |
GE_BSU |
| 041 ## - LANGUAGE CODE |
| Language code of text/sound track or separate title |
eng |
| 080 ## - UNIVERSAL DECIMAL CLASSIFICATION NUMBER |
| Universal Decimal Classification number |
811.111 F-94 |
| 100 ## - MAIN ENTRY--PERSONAL NAME |
| Personal name |
Fromkin, V. |
| 9 (RLIN) |
25584 |
| 245 #3 - TITLE STATEMENT |
| Title |
An introduction to Language / |
| Statement of responsibility, etc. |
V.Fromkin, R. Rodman, N. Hyams. |
| 250 ## - EDITION STATEMENT |
| Edition statement |
7th Edition |
| 264 ## - PRODUCTION, PUBLICATION, DISTRIBUTION, MANUFACTURE, AND COPYRIGHT NOTICE |
| Place of production, publication, distribution, manufacture |
Boston : |
| Name of producer, publisher, distributor, manufacturer |
Thomson Heinle, |
| Date of production, publication, distribution, manufacture, or copyright notice |
2003. |
| 300 ## - PHYSICAL DESCRIPTION |
| Extent |
620 p. ; |
| Dimensions |
24 cm. |
| 653 ## - INDEX TERM--UNCONTROLLED |
| keyword |
An introduction to Language |
| 653 ## - INDEX TERM--UNCONTROLLED |
| keyword |
English Grammar |
| 653 ## - INDEX TERM--UNCONTROLLED |
| keyword |
ინგლისური ენა |
| 942 ## - ADDED ENTRY ELEMENTS (KOHA) |
| Koha item type |
წიგნი |
| Source of classification or shelving scheme |
|